• 首页
  • 本馆介绍
  • 公告通知
  • 最新文献
  • 馆藏检索
  • 电子资源
  • 读者导购
  • 参考咨询
  • 我的图书馆
  • 登录
  • 详细信息显示
  • 放入我的书架
  • 预约/预借图书
  • 作者相关作品
  • 分类相关作品
  • 丛书相关作品
  • 出版社相关作品

书目信息

  • 表格格式
  • 工作单格式
  • 卡片格式
题名:
苏联史论
    
 
作者: 吴恩远 著
分册:  
出版信息: 北京   人民出版社  2007
页数: 395页
开本: 24cm
丛书名:
单 册:
中图分类: K512.5
科图分类:
主题词: 现代史
电子资源:
ISBN: 978-7-01-006164-1
000 00823nam0 2200241 450
001 1234723746
005 20121007093948.12
010    @a978-7-01-006164-1@dCNY52.00
100    @a20070327d2007 em y0chiy50 ea
101 0  @achi
102    @aCN@b110000
105    @ay z 000yy
200 1  @a苏联史论@Asu lian shi lun@f吴恩远著
210    @a北京@c人民出版社@d2007
215    @a395页@d24cm
330    @a本书按照苏联历史编年顺序,结合纪事本末体裁,分为十月革命初期、20世纪30年代的工业化和农业化、斯大林及斯大林模式、卫国战争、20世纪50-80年代的改革、戈尔巴乔夫的“改革”及其教训、苏联解体的原因及其教训几个部分论述。
606    @a现代史
607    @a苏联@x现代史@x研究
607    @a苏联
690    @aK512.5@v4
701  0 @a吴恩远@Awu en yuan@f(1948~)@4著
801  0 @aCN@bNLC@c20101222
905    @a10447@dK512.5@eJY34
    
    苏联史论/吴恩远著.-北京:人民出版社,2007
    395页;24cm
    
    
    ISBN 978-7-01-006164-1:CNY52.00
    本书按照苏联历史编年顺序,结合纪事本末体裁,分为十月革命初期、20世纪30年代的工业化和农业化、斯大林及斯大林模式、卫国战争、20世纪50-80年代的改革、戈尔巴乔夫的“改革”及其教训、苏联解体的原因及其教训几个部分论述。
●
相关链接 在E读中查询图书 在五车中查询图书 在当当中查询图书 在豆瓣中查询图书


正题名:苏联史论     索取号:K512.5/JY34         预约/预借

序号 登录号 条形码 馆藏地/架位号 状态 备注
1 7832297   278322977   学院路分馆/ [索取号:K512.5/JY34] 在馆    
唐山师范学院图书馆 欢迎您!
大连网信软件有限公司© 版权所有